000 00798nam a2200289Ia 4500
001 8232
005 20240113234057.0
007 ta
008 050718s1949 a g b000 u eng u
040 _aCotton College,Assam
041 _aeng
082 _a910
_bSy 44 H
100 _aSykes, Percy .
245 0 _aA History of Exploration: From the Earliest Times to the Present Day /
_cPercy Sykes.
_hTextual Documents
250 _a3rd ed. /
260 _aLondon :
_bRoutledge Kegan Paul ltd ,
_c1949.
300 _axiv, 426p. :
_bill. ;
_c23cm .
504 _aIndex
653 _aGeography-History of Exploration
653 _aPG-Geography
653 _aExploration
653 _aT/G-Geography
942 _2ddc
_cBK
999 _c8219
_d8219